1098 1915 1022 1122 1892 1927 1924 1295 1310 1192 1300 1805 1831 1228 1089 1987 1003 1559 1360 1932 1065 1874 1183 1074 1988 1622 1824 1568 1385 1494 1103 1662 1382 1131 1903 1994 1922 1959 1035 1599 1300 1312 1648 1779 1676 1506 1754 1886 1389 1878 1080 1261 1738 1107 1253 1796 1928 1677 1988 1608 1728 1441 1281 1617 1343 1963 1365 1426 1443 1876 1240 1249 1779 1744 1381 1429 1464 1590 1196 1416 1701 1964 1603 1168 1924 1742 1716 1332 1917 1260 1427 1406 1560 1637 1202 1295 1432 1971 1649 BCNSPRNW ULIB Ver.6.0+V

เปลี่ยนเป็นภาษาไทย

Change to English
 แสดงรายละเอียดบรรณานุกรม
  กลับหน้าหลัก

Brief Record : Get Marc (ISO 2709) : E-mail record : QR code < ปิดหน้าต่าง
LEADER : 00000nam 2200000uu 4500
001    13399125942
003     ULIB
008    171120s2560||||th 000 0 tha d
020    ^a9786169173700
060  0 ^aWU7 อ292ร
100 0  ^aอมรสิทธ์ เมืองคุ้ม
245 00 ^aรักปาก รักษ์ฟัน3"ปวดฟัน ป้องกันได้"/^bอมรสิทธ์ เมืองคุ้ม
250    ^aพิมพ์ครั้งที่ 4
260    ^aกรุงเทพฯ: ^bเอมี่ เอ็นเตอร์ไพรส์, ^c2557
300    ^a138 หน้า,^bภาพประกอบ
650  0 ^aฟัน--การดูแลและสุขวิทยา
650  0 ^aปาก--โรค
945    ^p0^l0^i003376
945    ^p0^l0^i003377
999    ^aประนอม เกษจรัล
รายการนี้ยังไม่มีแท็ก
คุณยังไม่ได้ล็อกอิน คุณสามารถมีกิจกรรมร่วมกับเว็บไซต์ได้ แต่ต้องล็อกอินก่อน ::
  ล็อกอิน

รายการสื่อสารสนเทศ

ลำดับที่ ประเภท เลขเรียก/บาร์โค้ด สถานที่ สถานะ
1. วิทยาศาสตร์การแพทย์ และสุขภาพ
วิทยาศาสตร์การแพทย์ และสุขภาพ
สถานะ=หนังสือเก่า
WU7 อ292ร ฉ.1 
  Barcode: 003376
ห้องสมุดวิทยาเขตสวรรค์ประชารักษ์
►ส่วนจัดเก็บหนังสือเก่า สปร
บนชั้น
  ขอยืม
2. วิทยาศาสตร์การแพทย์ และสุขภาพ
วิทยาศาสตร์การแพทย์ และสุขภาพ
สถานะ=หนังสือเก่า
WU7 อ292ร ฉ.2 
  Barcode: 003377
ห้องสมุดวิทยาเขตสวรรค์ประชารักษ์
►ส่วนจัดเก็บหนังสือเก่า สปร
บนชั้น
  ขอยืม

รายการใกล้เคียง
    ผู้แต่ง [อมรสิทธ์ เมืองคุ้ม]

    หัวเรื่อง [ฟัน--การดูแลและสุขวิทยา]
    หัวเรื่อง [ปาก--โรค]

BibComment


ยังไม่เคยถูกคอมเมนท์

คอมเมนท์ทรัพยากรรายการนี้
  คอมเมนท์: รักปาก รักษ์ฟัน3..


 Copyright 2026. Bcnsprnw @Library